<?xml version="1.0" encoding="UTF-8"?>
<record
    xmlns:xsi="http://www.w3.org/2001/XMLSchema-instance"
    xsi:schemaLocation="http://www.loc.gov/MARC21/slim http://www.loc.gov/standards/marcxml/schema/MARC21slim.xsd"
    xmlns="http://www.loc.gov/MARC21/slim">

  <leader>01978    a2200217   4500</leader>
  <controlfield tag="001">38801</controlfield>
  <controlfield tag="005">20260407155649.0</controlfield>
  <controlfield tag="008">260407a1955    arg                 spa d</controlfield>
  <controlfield tag="003">AR-UNSa-BCEJYS</controlfield>
  <datafield tag="040" ind1=" " ind2=" ">
    <subfield code="a">AR-UNSa-BCEJYS</subfield>
    <subfield code="b">spa</subfield>
    <subfield code="c">AR-UNSa-BCEJYS</subfield>
  </datafield>
  <datafield tag="080" ind1=" " ind2=" ">
    <subfield code="a">320</subfield>
    <subfield code="x">Ciencia Pol&#xED;tica (Pol&#xED;tica y Gobierno)</subfield>
  </datafield>
  <datafield tag="245" ind1="1" ind2="0">
    <subfield code="a">La pol&#xED;tica de Maquiavelo en el siglo XX</subfield>
    <subfield code="p">di&#xE1;logos en los infiernos entre Maquiavelo y Montesquieu</subfield>
  </datafield>
  <datafield tag="264" ind1=" " ind2="1">
    <subfield code="a">Buenos Aires :</subfield>
    <subfield code="b">Davalos-Pelizza</subfield>
    <subfield code="c">1955</subfield>
  </datafield>
  <datafield tag="300" ind1=" " ind2=" ">
    <subfield code="a">206 p.</subfield>
    <subfield code="c">20 cm.</subfield>
  </datafield>
  <datafield tag="505" ind1=" " ind2=" ">
    <subfield code="a">1. Di&#xE1;logo primero - 2. Di&#xE1;logo segundo - 3. Di&#xE1;logo tercero - 4. Di&#xE1;logo cuarto - 5. Di&#xE1;logo quinto - 6. Di&#xE1;logo sexto - 7. Di&#xE1;logo s&#xE9;ptimo - 8. Di&#xE1;logo octavo: La pol&#xED;tica de Maquiavelo en acci&#xF3;n - 9. Di&#xE1;logo noveno: La Constituci&#xF3;n - 10. Di&#xE1;logo d&#xE9;cimo: La constituci&#xF3;n (continuaci&#xF3;n) - 11. Di&#xE1;logo d&#xE9;cimoprimero: De las Leyes - 12. Di&#xE1;logo d&#xE9;cimosegundo: De la prensa (continuaci&#xF3;n) - 13. Di&#xE1;logo d&#xE9;cimotercero: De las conjuraciones - 14. Di&#xE1;logo d&#xE9;cimocuarto: De las instituciones que exist&#xED;an anteriormente - 15. Di&#xE1;logo d&#xE9;cimoquinto: Del sufragio - 16. Di&#xE1;logo d&#xE9;cimosexto: De ciertas corporaciones - 17. Di&#xE1;logo d&#xE9;cimos&#xE9;ptimo: De la polic&#xED;a - 18. Di&#xE1;logo d&#xE9;cimooctavo: De los asuntos econ&#xF3;micos y de su esp&#xED;ritu - 19. Di&#xE1;logo d&#xE9;cimonoveno: Del sistema presupuestario (continuaci&#xF3;n) - 20. Di&#xE1;logo vig&#xE9;simo: Continuaci&#xF3;n del mismo tema - 21. Di&#xE1;logo vig&#xE9;simoprimero: De los empr&#xE9;stitos (continuaci&#xF3;n) - 22. Di&#xE1;logo vig&#xE9;simosegundo: Grandezas del reino - 23. Di&#xE1;logo vig&#xE9;simotercero: De otros medios diversos que Maquiavelo emplear&#xE1; para consolidar su imperio y perpetuar si dinast&#xED;a - 24. Di&#xE1;logo vig&#xE9;simocuarto: Particularidad del car&#xE1;cter del Pr&#xED;ncipe seg&#xFA;n la concepci&#xF3;n de Maquiavelo - 25. Di&#xE1;logo vig&#xE9;simoquinto: La palabra final</subfield>
  </datafield>
  <datafield tag="041" ind1=" " ind2=" ">
    <subfield code="a">spa</subfield>
  </datafield>
  <datafield tag="942" ind1=" " ind2=" ">
    <subfield code="c">BK</subfield>
  </datafield>
  <datafield tag="590" ind1=" " ind2=" ">
    <subfield code="a">niveau_biblio:m niveau_hierar:0</subfield>
  </datafield>
  <datafield tag="100" ind1="1" ind2=" ">
    <subfield code="a">Joly, Mauricio</subfield>
  </datafield>
  <datafield tag="700" ind1="1" ind2=" ">
    <subfield code="a">Ayarragaray, Carlos Alberto</subfield>
  </datafield>
  <datafield tag="999" ind1=" " ind2=" ">
    <subfield code="c">2925</subfield>
    <subfield code="d">2925</subfield>
  </datafield>
  <datafield tag="952" ind1=" " ind2=" ">
    <subfield code="0">0</subfield>
    <subfield code="1">0</subfield>
    <subfield code="4">0</subfield>
    <subfield code="7">0</subfield>
    <subfield code="a">BCEJYS</subfield>
    <subfield code="b">BCEJYS</subfield>
    <subfield code="c">16</subfield>
    <subfield code="d">2026-04-07</subfield>
    <subfield code="l">0</subfield>
    <subfield code="o">320 J75</subfield>
    <subfield code="p">L125683</subfield>
    <subfield code="r">2026-04-07 15:56:49</subfield>
    <subfield code="w">2026-04-07</subfield>
    <subfield code="y">L</subfield>
  </datafield>
</record>
